000 00842nam a22002537a 4500
003 CHAP
005 20220329135532.0
008 971013s1973 r 00010 d
010 _a38155
011 _a39127
035 _a43247
040 _cCHAP
082 _a636.4089
_bP3Y
245 _aPatología porcina en imágenes
_b: diagnóstico y tratamiento de las principales enfermedades del cerdo
260 _aBarcelona :
_bGea,
_c1973
300 _a174 p.
_b: ilus.
590 _aBATCH-UPD
_b10
_c20130110
_lUCH01
_h1503
590 _aCONVERSION
_b10
_c20130109
_lUCH01
_h1321
650 1 4 _aGanado porcino
_xEnfermedades.
_945360
901 _aBK
942 _cLIBRO
949 _a636.4089 P3Y
_bBC
_cLIBRO
_d-99219
_eLIBRO
_fc.2
_h52149
_i43247
_si
_t355.00
949 _a636.4089 P3Y
_bBC
_cLIBRO
_d33724000101218
_eLIBRO
_fc.3
_h52150
_i43247
_si
_t355.00
999 _c38155
_d38155